| 000 | 00602nam a2200217Ia 4500 | ||
|---|---|---|---|
| 005 | 20230629104556.0 | ||
| 008 | 131103s9999 xx 000 0 und d | ||
| 020 |
_a090622473 X _c9.95 pds |
||
| 040 | _aLoreto College | ||
| 041 | _aEnglish | ||
| 082 |
_a942.06 _bMAN |
||
| 100 | _aManning,Brian | ||
| 245 |
_a1649 This crisis of the English revolution _cBrian Manning |
||
| 260 |
_aLondon _bBookmarks _c1992 |
||
| 300 | _a288 p. | ||
| 504 | _aIncludes bibliographical references and index | ||
| 650 | _aEnglish Revolution | ||
| 651 | _aEngland - History,1649 | ||
| 850 | _aLCLIB | ||
| 942 | _cBK | ||
| 999 |
_c8448 _d58927 |
||